Statistics for Footballers from A-Z (no icons)

Click here to take the quiz!

General Stats

  • This quiz has been taken 206 times
  • The average score is 17 of 26

Answer Stats

lettercountryteamAnswer% Correct
Bfrancereal madridbenzema
91%
NbrazilPSGneymar
90%
MargentinaPSGmessi
87%
Lpolandfc barcelonalewandowski
85%
Rportugalmanchester unitedronaldo
85%
Segyptliverpoolsalah
84%
Hnorwaymanchester cityhaaland
83%
Kfrancechelseakante
83%
Pfrancejuventuspogba
82%
Gfranceathletico madridgriezmann
80%
IswedenAC milanibrahimovic
79%
Dargentinaromadybala
76%
Vnetherlandsliverpoolvan dijk
75%
Zivory coastcrystal palacezaha
64%
Abrazilmanchester unitedanthony
62%
Ogermanyistanbul BBozil
61%
Citalyjuventuschiellini
59%
Qportugalvitoriaquaresma
58%
Fbrazilliverpoolfirmino
55%
Tbrazilchelseathiago silva
53%
Yukrainewest hamyarmolenko
51%
Wnetherlandsromawijnaldum
46%
Jenglandchelseajames
43%
Xspainbayer leverkusenxabi alonso
29%
Ucolombiafc portouribe
25%
Eitalyromael shaarawy
16%

Score Distribution

Percentile by Number Answered

Percent of People with Each Score

Your Score History

You have not taken this quiz